Juche art. (Record no. 125781)
[ view plain ]
| 000 -LEADER | |
|---|---|
| fixed length control field | 00761cam a2200241 i 4500 |
| 001 - CONTROL NUMBER | |
| control field | 1360775 |
| 003 - CONTROL NUMBER IDENTIFIER | |
| control field | ARRUPE |
| 005 - DATE AND TIME OF LATEST TRANSACTION | |
| control field | 20161128124552.0 |
| 008 - FIXED-LENGTH DATA ELEMENTS--GENERAL INFORMATION | |
| fixed length control field | 810416s1976 kn a 000 0 eng |
| 010 ## - LIBRARY OF CONGRESS CONTROL NUMBER | |
| LC control number | 80147664 |
| 040 ## - CATALOGING SOURCE | |
| Original cataloging agency | DLC |
| Transcribing agency | DLC |
| Modifying agency | DLC |
| 043 ## - GEOGRAPHIC AREA CODE | |
| Geographic area code | a-kn--- |
| 050 00 - LIBRARY OF CONGRESS CALL NUMBER | |
| Classification number | L PN2935.K62J8 |
| 082 00 - DEWEY DECIMAL CLASSIFICATION NUMBER | |
| Classification number | 790.2/09519/3 |
| Edition number | 19 |
| 300 ## - PHYSICAL DESCRIPTION | |
| Other physical details | ill. (some col.) ; |
| Dimensions | 30 cm. |
| 100 ## - MAIN ENTRY--PERSONAL NAME | |
| Personal name | Oegungmun Chʻulpʻansa |
| 9 (RLIN) | 27621 |
| 245 00 - TITLE STATEMENT | |
| Title | Juche art. |
| Statement of responsibility, etc | by Oegungmun Chʻulpʻansa |
| 260 ## - PUBLICATION, DISTRIBUTION, ETC. (IMPRINT) | |
| Place of publication, distribution, etc | Pyongyang, DPRK : |
| Name of publisher, distributor, etc | Foreign Languages Pub. House, |
| Date of publication, distribution, etc | 1976. |
| 300 ## - PHYSICAL DESCRIPTION | |
| Extent | 311 p.; |
| 650 #0 - SUBJECT ADDED ENTRY--TOPICAL TERM | |
| Topical term or geographic name as entry element | Performing arts |
| Geographic subdivision | Korea (North) |
| General subdivision | Pictorial works. |
| 9 (RLIN) | 27622 |
| 710 2# - ADDED ENTRY--CORPORATE NAME | |
| Corporate name or jurisdiction name as entry element | Oegungmun Chʻulpʻansa. |
| 9 (RLIN) | 27621 |
| 906 ## - LOCAL DATA ELEMENT F, LDF (RLIN) | |
| a | 7 |
| b | cbc |
| c | orignew |
| d | 4 |
| e | ncip |
| f | 19 |
| g | y-gencatlg |
| 942 ## - ADDED ENTRY ELEMENTS (KOHA) | |
| Source of classification or shelving scheme | Library of Congress Classification |
| Koha item type | Monograph ( Printed materials) |
| Withdrawn status | Lost status | Source of classification or shelving scheme | Damaged status | Not for loan | Collection code | Home library | Current library | Shelving location | Date acquired | Total Checkouts | Full call number | Barcode | Date last seen | Price effective from | Koha item type |
|---|---|---|---|---|---|---|---|---|---|---|---|---|---|---|---|
| Library of Congress Classification | Main Collection | ARRUPE LIBRARY | ARRUPE LIBRARY | Main Collection | 28/11/2016 | L PN2935.K62J8 | 46500010511 | 28/11/2016 | 28/11/2016 | Monograph ( Printed materials) |